000 00199nam a22000977a 4500
999 _c153919
_d153919
082 _a
_b
245 _aOxford advanced learner's dictionary/
260 _a
_bOxford,
_c
650 _a
942 _cBK